| 000 | 00479nam a2200193Ia 4500 | ||
|---|---|---|---|
| 005 | 20241003112940.0 | ||
| 008 | 131103s9999 xx 000 0 und d | ||
| 020 | _a713524227 | ||
| 040 | _aLoreto College | ||
| 041 | _aEnglish | ||
| 082 |
_a900 _bCAS |
||
| 100 | _aCase, S.L. | ||
| 245 |
_aEarlyman _b Knowing world history _cS.L. Case |
||
| 260 |
_aLondon _bBell & Hyman _c1978 |
||
| 300 |
_a48p. _b picture |
||
| 650 | _aHistory - World | ||
| 850 | _aLCBED | ||
| 942 | _cBK | ||
| 999 |
_c28766 _d79245 |
||